Paris Inconnu (Record no. 10020)

MARC details
000 -CABECERA
campo de control de longitud fija 00963nam a2200277 a 4500
001 - NÚMERO DE CONTROL
campo de control BRL_1208
005 - FECHA Y HORA DE LA ÚLTIMA TRANSACCIÓN
campo de control 20190320211102.0
008 - DATOS DE LONGITUD FIJA--INFORMACIÓN GENERAL
campo de control de longitud fija 281113s1984----fr-a######---#000-0#fre-#
020 ## - NÚMERO INTERNACIONAL ESTÁNDAR DEL LIBRO
Número Internacional Estándar del Libro 222602171X
041 ## - CÓDIGO DE LENGUA
Código de lengua del texto/banda sonora o título independiente fre
044 ## - CÓDIGO DEL PAÍS DE LA ENTIDAD EDITORA/PRODUCTORA
Código MARC del país fr
050 #4 - SIGNATURA TOPOGRÁFICA DE LA BIBLIOTECA DEL CONGRESO
Número de clasificación DC707
Número de documento/Ítem .B43 1984
100 1# - ENTRADA PRINCIPAL--NOMBRE DE PERSONA
Nombre de persona Beaumont-Maillet, Laure
9 (RLIN) 26122
245 10 - MENCIÓN DE TÍTULO
Título Paris Inconnu
Mención de responsabilidad, etc. Laure Beaumont-Maillet.
260 ## - PUBLICACIÓN, DISTRIBUCIÓN, ETC.
Lugar de publicación, distribución, etc. Paris
Nombre del editor, distribuidor, etc. Albin Michel
Fecha de publicación, distribución, etc. 1984
300 ## - DESCRIPCIÓN FÍSICA
Extensión [100] p.
Otras características físicas il. (algunas a color)
Dimensiones 30 cm.
440 #0 - MENCIÓN DE SERIE/PUNTO DE ACCESO ADICIONAL--TÍTULO
Título Les Albums du Cabinet des estampes de la Bibliothèque nationale
9 (RLIN) 26123
500 ## - NOTA GENERAL
Nota general Au1384
500 ## - NOTA GENERAL
Nota general Incluye índice de nombres de lugares, monumentos y artistas.
650 14 - PUNTO DE ACCESO ADICIONAL DE MATERIA--TÉRMINO DE MATERIA
Término de materia o nombre geográfico como elemento de entrada Arquitectura
Subdivisión de forma Obras pictóricas
Subdivisión geográfica Paris (Francia)
9 (RLIN) 26124
651 #4 - PUNTO DE ACCESO ADICIONAL DE MATERIA--NOMBRE GEOGRÁFICO
Nombre geográfico Paris (Francia)
Subdivisión de forma Obras pictóricas
9 (RLIN) 26125
651 #4 - PUNTO DE ACCESO ADICIONAL DE MATERIA--NOMBRE GEOGRÁFICO
Nombre geográfico Paris (Francia)
Subdivisión de forma En el arte
9 (RLIN) 26126
651 #4 - PUNTO DE ACCESO ADICIONAL DE MATERIA--NOMBRE GEOGRÁFICO
Nombre geográfico Paris (Francia)
Subdivisión de forma Obras pictóricas
Subdivisión general Construcciones, estructuras, etc.
9 (RLIN) 26127
902 ## - CATALOGADOR
Iniciales GRL
942 ## - ELEMENTOS DE PUNTO DE ACCESO ADICIONAL (KOHA)
Fuente del sistema de clasificación o colocación Library of Congress Classification
Tipo de ítem Koha Libros
Holdings
Estado de retiro Estado de pérdida Estado dañado No para préstamo Localización permanente Ubicación/localización actual Fecha de adquisición Número de inventario Total de préstamos Signatura topográfica completa Código de barras Fecha visto por última vez Precio válido a partir de Tipo de ítem Koha
El ejemplar forma parte de la colección y puede ser consultado según las políticas vigentes.       Biblioteca Centro de Estudios Ruth D. Lechuga Biblioteca Centro de Estudios Ruth D. Lechuga 28/11/2013 Au1384   DC707 .B43 1984 (Au1384) GRL01325 22/03/2019 22/03/2019 Libros